000 00909nam a2200217Ia 4500
999 _c4265
_d4265
003 OSt
005 20200401112141.0
008 191128s2011 ck a br 000 j spa d
020 _a9789587241532
040 _aCO-JMCR
_cCO-JMCR
041 0 _aspa
082 0 4 _aC /
_bARDl
100 1 _aArdila Jaramillo, Emma Lucía,
_eautora
_92341
245 1 0 _aLuisa juegapalabras /
_cEmma Lucía Ardila Jaramillo
260 _aBogotá :
_bLibros & Libros,
_c2011
300 _a64 páginas :
_bilustraciones a color ;
_c20 cm.
520 0 _aLuisa se siente sola, sus padres son buenos, pero siempre están ocupados, y en el colegio es casi imposible conseguir amigas. Por eso, su mayor placer es ir al jardín a observar a los pequeños animales. Y mientras los observa, juega con las palabras.
521 _aRecomendado a partir de los 8 años.
650 1 4 _aCuentos infantiles colombianos
_92342
942 _2ddc
_cBK